TOP 50 najdroższych transferów Polaków w piłce nożnej - Statystyki

Ogólne statystyki
  • Ten quiz został rozwiązany 206 razy
  • Średni wynik to 34 z 50
Statystyki odpowiedzi
Hint Odpowiedź % Poprawnych
Sevilla -> PSG 16/17, 27,50 mln euro Grzegorz Krychowiak
99%
PSG -> Lokomotiv Moskwa19/20, 12 mln euro Grzegorz Krychowiak
99%
Stade Reims -> Sevilla14/15, 5,50 mln euro Grzegorz Krychowiak
99%
Lokomotiv Moskwa -> Krasnodar21/22, 4 mln euro Grzegorz Krychowiak
99%
Genoa -> AC Milan 18/19, 35 mln euro Krzysztof Piątek
98%
Milan -> Hertha19/20. 24 mln euro Krzysztof Piątek
98%
Cracovia -> Genoa18/19, 4,50 mln euro Krzysztof Piątek
98%
Lech Poznań -> BVB10/11, 4,75 mln euro Robert Lewandowski
98%
Arsenal -> Juventus17/18, 18 mln euro Wojciech Szczęsny
97%
Ajax -> SSC Napoli 16/17, 32 mln euro Arkadiusz Milik
96%
SSC Napoli -> OM22/23, 9 mln euro Arkadiusz Milik
96%
Torino -> Monaco16/17, 11 mln euro Kamil Glik
93%
Udinese -> SSC Napoli16/17, 16 mln euro Piotr Zieliński
93%
Swansea -> West Ham18/19, 8 mln euro Łukasz Fabiański
91%
Legia Warszawa -> Arsenal07/08, 4,35 mln euro Łukasz Fabiański
91%
Nottingham -> Aston Villa20/21, 15,75 mln euro Matty Cash
89%
Lech Poznań -> Brighton20/21 11 mln euro Jakub Moder
84%
Rennes -> Hull City16/17, 9 mln euro Kamil Grosicki
84%
BVB -> Wolfsburg16/17, 5 mln euro Jakub Błaszczykowski
82%
Lech Poznań -> Southampton17/18, 6 mln euro Jan Bednarek
81%
Feyenoord -> Liverpool01/02, 7,40 mln euro Jerzy Dudek
76%
Lech Poznań -> Wolfsburg22/23, 10 mln euro Jakub Kamiński
75%
Legia Warszawa -> Dynamo Moskwa19/20, 5,50 mln euro Sebastian Szymański
71%
Cracovia -> Leicester16/17, 5 mln euro Bartosz Kapustka
69%
PAOK Saloniki -> Charlotte FC21/22, 5 mln euro Karol Świderski
69%
Sampdoria -> Torino20/21, 7,50 mln euro Karol Linetty
68%
Pogoń Szczecin -> Brighton21/22, 11 mln euro Kacper Kozłowski
67%
Roma -> Bologna18/19, 9 mln euro Łukasz Skorupski
67%
Arsenal -> Derby County19/20, 8,20 mln euro Krystian Bielik
66%
Sampdoria -> Fortuna Dusseldorf19/20, 6,75 mln euro Dawid Kownacki
62%
Lech Poznań -> Sampdoria17/18, 4 mln euro Dawid Kownacki
62%
Lech Poznań -> Derby County20/21, 4,30 mln euro Kamil Jóźwiak
59%
Raków Częstochowa -> RB Salzburg21/22, 5 mln euro Kamil Piątkowski
55%
Legia Warszawa -> Brighton20/21, 5,50 mln euro Michał Karbownik
55%
Dynamo Kijów -> RSC Anderlecht17/18, 4,50 mln euro Łukasz Teodorczyk
54%
Lech Poznań -> Dynamo Kijów14/15, 4 mln euro Łukasz Teodorczyk
54%
Legia Warszawa -> Monaco19/20, 7 mln euro Radosław Majecki
54%
West Brom -> Manchester United07/08, 4,30 mln euro Tomasz Kuszczak
54%
Pogoń Szczecin -> New England19/20, 4,20 mln euro Adam Buksa
51%
BVB -> Racing Santander07/08, 4,50 mln euro Euzebiusz Smolarek
51%
Polonia Warszawa -> Trabzonspor11/12, 5,25 mln euro Adrian Mierzejewski
50%
Zagłębie Lubin -> Wolfsburg20/21, 5 mln euro Bartosz Białek
44%
Pogoń Szczecin -> Cagliari19/20, 4 mln euro Sebastian Walukiewicz
41%
Hellas Verona -> Chievo Verona19/20, 5,50 mln euro Mariusz Stępiński
36%
Celtic -> New York Red Bulls20/21, 4,36 mln euro Patryk Klimala
35%
Jagiellonia Białystok -> Celtic19/20, 4 mln euro Patryk Klimala
35%
Legia Warszawa -> CSKA Moskwa07/08, 4,20 mln euro Dawid Janczyk
27%
Olympique Lyon -> RC Lens01/02, 4,30 mln euro Jacek Bąk
17%
Chievo Verona -> Genoa19/20, 4 mln euro Paweł Jaroszyński
14%
Roda JC -> Feyenoord95/96, 3,70 mln euro Tomasz Iwan
9%
Nie znaleziono quizów pasujących do podanych kryteriów
Rozkład punktacji
Procent ludzi z każdym wynikiem
Percentyl według liczby udzielonych odpowiedzi
Twoja historia wyników
Nie rozwiązałeś tego quizu